00656nam a2200181Ia 4500952014900000999001700149003000400166005001700170008004100187020001800228040000900246082002100255100002700276245006600303260004800369300000900417942004800426 00102ddc40708ISLAMaMESbMEScISLd2019-02-20g175.00l1m1o297.30954 TAS/Mp35760r2022-01-17 00:00:00s2021-12-20w2019-02-20yBKzGL46R2 c21506d21506OSt20200610105836.0190216s9999||||xx |||||||||||||| ||und|| a9780195643145 coclc a297.30954bTAS/M aTassy, Garcin De92729 0aMuslim Festivals In India and Other Essays /cGarcin De Tassy bOxford University Press,c2006.aNew Delhi: a197p cBK2ddch297.30954iTAS/Mk297.30954mTAS/M